000 00385pam a2200157a 44500
008 230515b1987 xxu||||| |||| 00| 0 eng d
020 _aNULL
041 _aENGL
082 _a005.133/ GIVI.
100 _aGIVIAI GAUGHRAM &F. AND FOURY
245 _aFORTRAN 77 ELEMENTS OF PROGRAMMING STYLE
250 _aN.D.
260 _aNULL
_bC.B.S
_c1987
300 _a358 PB
650 _aNULL
999 _c617897
_d617897